Loading...
| Fine Arts - Visual Fine Arts | 0 | 7 | 1 | 1 | 65 | 39 | 58.00 | 4 | 7 |
| Science - Chemistry | 0 | 6 | 0 | 1 | 60 | 42 | 83.33 | 1 | 3 |
| History - World History | 0 | 4 | 0 | 0 | 40 | 62 | 82.50 | 1 | 2 |
| Science - Other Science | 0 | 4 | 0 | 0 | 40 | 60 | 81.50 | 1 | 3 |
| Science - Physics | 0 | 4 | 1 | 0 | 35 | 33 | 51.75 | 1 | 3 |
| Science - Biology | 0 | 3 | 0 | 1 | 30 | 98 | 103.67 | 0 | 0 |
| History - Other History | 0 | 3 | 1 | 0 | 25 | 32 | 55.33 | 1 | 3 |
| Fine Arts - Other Fine Arts | 0 | 3 | 1 | 0 | 25 | 86 | 100.67 | 0 | 3 |
| Religion | 0 | 2 | 0 | 2 | 20 | 110 | 121.50 | 0 | 0 |
| Literature - American Literature | 0 | 2 | 0 | 0 | 20 | 66 | 92.00 | 0 | 1 |
| Fine Arts - Classical Music | 0 | 2 | 1 | 0 | 15 | 17 | 52.00 | 1 | 1 |
| Mythology | 0 | 1 | 0 | 0 | 10 | 43 | 43.00 | 0 | 1 |
| Literature - European Literature | 0 | 1 | 0 | 0 | 10 | 47 | 47.00 | 1 | 1 |
| Philosophy | 0 | 1 | 0 | 0 | 10 | 91 | 91.00 | 0 | 1 |
| Pop Culture | 0 | 1 | 0 | 1 | 10 | 141 | 141.00 | 0 | 0 |
| Literature - World/Other Literature | 0 | 1 | 1 | 0 | 5 | 65 | 65.00 | 0 | 1 |
| History - American History | 0 | 1 | 1 | 0 | 5 | 98 | 98.00 | 0 | 0 |
| Other Academic | 0 | 0 | 1 | 0 | -5 | 0.00 | 0 | 0 | |
| Social Science | 0 | 0 | 1 | 0 | -5 | 0.00 | 0 | 0 | |
| History - European History | 0 | 1 | 4 | 0 | -10 | 66 | 66.00 | 0 | 1 |